| Tag |
First Indicator |
Second Indicator |
Subfields |
| LEADER |
00000pam a2200000 a 4500 |
| 001 |
in00001409946 |
| 005 |
20151020070429.0 |
| 008 |
941005s1995 njua j 000 1 eng |
| 010 |
|
|
|a 94037223
|
| 020 |
|
|
|a 0382249305 (LSB) :
|c $15.95
|
| 020 |
|
|
|a 0382249313 (JHC) :
|c $13.95
|
| 020 |
|
|
|a 0382249321 (SC) :
|c $5.95
|
| 035 |
|
|
|a (OCoLC)31514950
|
| 035 |
|
|
|9 AHP8884AM
|
| 040 |
|
|
|a DLC
|c DLC
|d UtOrBLW
|
| 049 |
|
|
|a TXAG
|
| 050 |
0 |
0 |
|a PZ7.P448556
|b Mar 1995
|
| 082 |
0 |
0 |
|a [E]
|2 20
|
| 100 |
1 |
|
|a Pfeffer, Wendy,
|d 1929-
|
| 245 |
1 |
0 |
|a Marta's magnets /
|c by Wendy Pfeffer ; illustrated by Gail Piazza.
|
| 264 |
|
1 |
|a Parsippany, N.J. :
|b Silver Press,
|c [1995]
|
| 264 |
|
4 |
|c ©1995
|
| 300 |
|
|
|a 1 volume (unpaged) :
|b color illustrations ;
|c 28 cm.
|
| 336 |
|
|
|a text
|b txt
|2 rdacontent
|
| 337 |
|
|
|a unmediated
|b n
|2 rdamedia
|
| 338 |
|
|
|a volume
|b nc
|2 rdacarrier
|
| 500 |
|
|
|a Includes one magnet in pocket.
|
| 520 |
|
|
|a Marta's sister Rosa calls her magnet collection junk, but Marta's magnets help her make friends in her new home and help her retrieve a lost key for Rosa's new friend.
|
| 650 |
|
1 |
|a Magnets
|x Fiction.
|
| 650 |
|
1 |
|a Collectors and collecting
|x Fiction.
|
| 650 |
|
1 |
|a Friendship
|x Fiction.
|
| 700 |
1 |
|
|a Piazza, Gail,
|d 1956-
|e illustrator.
|
| 948 |
|
|
|a c:en
|
| 999 |
|
|
|a MARS
|
| 999 |
f |
f |
|s 4dadf4ef-06e5-3d1f-b12a-3deb95220508
|i e3c7dac5-c5c2-30bb-9622-822827160571
|t 0
|
| 952 |
f |
f |
|p ric
|a Texas A&M University
|b Rellis Campus
|c Joint Library Facility
|d Remote Storage
|t 0
|e PZ7.P448556 Mar 1995
|h Library of Congress classification
|i unmediated -- volume
|m A14822370892
|
| 998 |
f |
f |
|a PZ7.P448556 Mar 1995
|t 0
|l Remote Storage
|